02112nam a2200289 i 4500001001500000008004000015015001700055017004700072020001800119040003700137041002000174100002600194240003700220245007100257264003400328300002300362490002900385500058400414520033300998520035501331650002201686650002001708650001901728655002301747655002001770700003201790Rebiun37636527250205s2024 spc||||j |||| 0|0 f spa| aLL2025 2bnc aDL B 14256-2024, bBiblioteca de Catalunya a9788410399013 aES-BaBC bEnglisherda cES-BaBC1 aSpanishhGerman aTack, Stella eauthor10aTöte die Dunkelheit. lSpanish10aMuerte a la oscuridad c/ Stella Tack ; translated by Lidia Pelayo 1aBarcelona : bInlov, c[2024] a601 pages; c21 cm1 aBlack Bird Academy ; v1 aStella Tack was born in 1995 in Mü nster and grew up in Bad Gastein, Austria. After completing her high school studies and training as a therapist, she began a prolific career as a fantasy and romance author. She currently has seventeen published books and has received several awards. Among them, the LovelyBooks Award for Best Fiction Book for Kiss Me Once in 2019 and Kiss Me Twice in 2020 stand out. More recently, in 2023, the LovelyBooks community awarded her the prize for Best Young Adult Book for Ever & After. Today, she is one of the most popular authors in Germany. aBlack Bird Academy is no ordinary place. In this shadowy school, exorcists are trained to defend humanity from demons. When Leaf Yung awakens in a dungeon beneath Black Bird Academy, she can scarcely believe what the striking young man, Falco, tells her: that a demon possessed her moments after driving a dagger into her heart. aLa Academia Black Bird no es un lugar cualquiera. En esta escuela sombría se forman exorcistas para defender a la humanidad de los demonios. Cuando Leaf Yung despierta en un calabozo bajo la Academia Black Bird, apenas puede creer lo que le dice el apuesto joven Falco: un demonio la poseyó justo después de clavarle un puñal en el corazón. 0aExorcismvFiction 0aDemonsvFiction 0aMagicvFiction 0aParanormal fiction 0aFantasy fiction aPelayo, Lidia, etranslator